[Event "Rottach Egern Seniors Cup 11th"]
[Site "Rottach Egern"]
[Date "2023.04.15"]
[Round "1"]
[White "Luebbers, Doris"]
[Black "Stierle, Martin"]
[Result "0-1"]
[WhiteElo "1485"]
[BlackElo "1899"]
[PlyCount "64"]
[EventDate "2023.04.15"]
[EventType "swiss"]
[EventRounds "9"]
[EventCountry "GER"]
[SourceTitle "EXT 2024"]
[Source "ChessBase"]
[SourceDate "2023.10.10"]
[SourceVersion "1"]
[SourceVersionDate "2023.10.10"]
[SourceQuality "1"]

1. d4 c5 2. e3 Nf6 3. c4 g6 4. Nf3 Bg7 5. Be2 0-0 6. 0-0 Nc6 7. b3 cxd4 8. exd4 d6 9. Bb2 Bd7 10. Nbd2 Qc7 11. h3 Nh5 12. Re1 Nf4 13. Bf1 e5 14. dxe5 dxe5 15. Ne4 Rad8 16. Qc2 Bf5 17. Rad1 Nb4 18. Qb1 Rfe8 19. a3 Nc6 20. Qc1 Rxd1 21. Qxd1 Rd8 22. Qc1 Nd3 23. Bxd3 Rxd3 24. Nc3 Qc8 25. Re3 Bh6 26. Qe1 Bxe3 27. fxe3 Qd8 28. b4 Be6 29. c5 f6 30. e4 Nd4 31. Nxd4 Qxd4+ 32. Kh2 Rd2 0-1

[Event "Bad Wiessee Senioren Cup 8th"]
[Site "Bad Wiessee"]
[Date "2019.05.14"]
[Round "4"]
[White "Lischka, Joachim"]
[Black "Luebbers, Doris"]
[Result "1/2-1/2"]
[WhiteElo "1644"]
[BlackElo "1511"]
[PlyCount "83"]
[EventDate "2019.05.11"]
[EventType "swiss"]
[EventRounds "9"]
[EventCountry "GER"]
[SourceTitle "EXT 2020"]
[Source "ChessBase"]
[SourceDate "2019.10.17"]
[SourceVersion "1"]
[SourceVersionDate "2019.10.17"]
[SourceQuality "1"]

1. Nf3 d5 2. d4 g6 3. e3 Bg7 4. c4 c6 5. Nc3 Nf6 6. cxd5 cxd5 7. Bd2 Nc6 8. a3 0-0 9. Be2 b6 10. Rc1 Bb7 11. 0-0 Rc8 12. b4 a6 13. Qb3 b5 14. a4 bxa4 15. Nxa4 Ne4 16. Nc5 Nxc5 17. Rxc5 e6 18. Rfc1 Re8 19. Bxa6 Qb6 20. Bxb7 Qxb7 21. Qc2 Na7 22. Qa4 Bf8 23. R5c2 Red8 24. g3 Kg7 25. Ne5 Rxc2 26. Rxc2 Bd6 27. Nc6 Nxc6 28. Qxc6 Qxc6 29. Rxc6 Kf8 30. Rb6 Ke8 31. Kf1 Kd7 32. Rb7+ Ke8 33. b5 Rb8 34. Rxb8+ Bxb8 35. Ba5 Kd7 36. Ke2 Bd6 37. Kd3 h5 38. h4 Kc8 39. Kc3 Kb7 40. Bb4 Bc7 41. f4 Kb6 42. Kd3 1/2-1/2

[Event "Bad Wiessee Senioren Cup 8th"]
[Site "Bad Wiessee"]
[Date "2019.05.13"]
[Round "3"]
[White "Luebbers, Doris"]
[Black "Bausch, Jean"]
[Result "0-1"]
[WhiteElo "1511"]
[BlackElo "1755"]
[PlyCount "80"]
[EventDate "2019.05.11"]
[EventType "swiss"]
[EventRounds "9"]
[EventCountry "GER"]
[SourceTitle "EXT 2020"]
[Source "ChessBase"]
[SourceDate "2019.10.17"]
[SourceVersion "1"]
[SourceVersionDate "2019.10.17"]
[SourceQuality "1"]

1. d4 Nf6 2. c4 g6 3. Nf3 Bg7 4. e3 d6 5. Be2 0-0 6. 0-0 Nbd7 7. Nbd2 e5 8. dxe5 dxe5 9. e4 Qe7 10. Qc2 Nh5 11. Re1 Nc5 12. Bf1 f5 13. exf5 Bxf5 14. Qc3 e4 15. Nd4 Qf6 16. N2b3 Nxb3 17. axb3 Qxd4 18. Qxd4 Bxd4 19. Ra2 c5 20. Bd2 Nf6 21. Bc3 a6 22. Raa1 Rad8 23. Be2 Rde8 24. Rad1 Bxc3 25. bxc3 e3 26. f3 Bc2 27. Rc1 Bxb3 28. Rb1 Ba4 29. Rxb7 Rb8 30. Re7 Rfe8 31. Rxe8+ Bxe8 32. Bf1 Bf7 33. Rxe3 Rb1 34. Kf2 Rb2+ 35. Kg3 Nh5+ 36. Kg4 Rf2 37. Re1 a5 38. h4 Rxf1 39. Rxf1 Be6+ 40. Kg5 Kg7 0-1

[Event "Bad Wiessee Senioren Cup 8th"]
[Site "Bad Wiessee"]
[Date "2019.05.11"]
[Round "1"]
[White "Luebbers, Doris"]
[Black "Gousseinov, Aguif"]
[Result "0-1"]
[WhiteElo "1511"]
[BlackElo "1868"]
[PlyCount "94"]
[EventDate "2019.05.11"]
[EventType "swiss"]
[EventRounds "9"]
[EventCountry "GER"]
[SourceTitle "EXT 2020"]
[Source "ChessBase"]
[SourceDate "2019.10.17"]
[SourceVersion "1"]
[SourceVersionDate "2019.10.17"]
[SourceQuality "1"]

1. d4 c6 2. c4 Nf6 3. Nf3 d5 4. e3 e6 5. b3 Nbd7 6. Be2 Bd6 7. 0-0 Ne4 8. Bb2 0-0 9. Nbd2 f5 10. Ne5 Bb4 11. Ndf3 Ndf6 12. Qc2 Bd7 13. a3 Bd6 14. Nd2 Nxd2 15. Qxd2 Ne4 16. Qe1 f4 17. exf4 Rxf4 18. f3 Bxe5 19. dxe5 Nc5 20. g3 Rf7 21. b4 Na6 22. c5 b5 23. Bd4 Be8 24. f4 Rb7 25. Bg4 Re7 26. Ra2 Bg6 27. f5 exf5 28. Bxf5 Nc7 29. Bxg6 hxg6 30. Rff2 Ne6 31. Rad2 Qc7 32. Rfe2 Rf8 33. Kg2 Nxd4 34. Rxd4 Rfe8 35. Rd3 Rxe5 36. Rxe5 Qxe5 37. Qxe5 Rxe5 38. Kf2 Kf7 39. Re3 Ke6 40. Rd3 Re4 41. h3 d4 42. Kf3 Kd5 43. g4 g5 44. Kg3 Re3+ 45. Rxe3 dxe3 46. Kf3 Kd4 47. Ke2 Ke4 0-1

[Event "Rheinland Pfalz op Seniors 15th"]
[Site "Neustadt an der Weinstrasse"]
[Date "2017.07.22"]
[Round "8"]
[White "Luebbers, Doris"]
[Black "Hauck, Bernd"]
[Result "0-1"]
[WhiteElo "1555"]
[BlackElo "1713"]
[PlyCount "154"]
[EventDate "2017.07.15"]
[EventType "swiss"]
[EventRounds "9"]
[EventCountry "GER"]
[SourceTitle "EXT 2018"]
[Source "ChessBase"]
[SourceDate "2017.10.13"]
[SourceVersion "1"]
[SourceVersionDate "2017.10.13"]
[SourceQuality "1"]

1. d4 Nf6 2. Nf3 g6 3. b3 d5 4. Bb2 Bg7 5. e3 0-0 6. Be2 Ne4 7. 0-0 c5 8. c3 Nc6 9. Nbd2 cxd4 10. cxd4 Nd6 11. a3 Bd7 12. Rc1 Rc8 13. h3 Rc7 14. Bd3 Nf5 15. Qe2 Re8 16. Rfe1 e5 17. dxe5 Nxe5 18. Nxe5 Rxc1 19. Rxc1 Bxe5 20. Bxe5 Rxe5 21. Nf3 Re8 22. Bxf5 Bxf5 23. Rd1 Qa5 24. Qb2 Rc8 25. Nd4 Qc3 26. Qd2 Qxd2 27. Rxd2 Be6 28. Rc2 h5 29. Rxc8+ Bxc8 30. Kf1 Kf8 31. Ke2 a6 32. Kd2 Ke7 33. h4 Kd6 34. g3 Kc5 35. Kc3 Kd6 36. Kd2 Bd7 37. Kc3 Ke5 38. Kd3 Bh3 39. Kd2 f6 40. Kd3 Bd7 41. Kc3 Ke4 42. Kd2 Bg4 43. Kc3 g5 44. hxg5 fxg5 45. Kd2 h4 46. gxh4 gxh4 47. Ne2 h3 48. Ng3+ Kf3 49. Ke1 Kg2 50. b4 h2 51. a4 h1Q+ 52. Nxh1 Kxh1 53. f4 Kg2 54. Kd2 Kf3 55. Kd3 Bf5+ 56. Kd4 Be4 57. b5 axb5 58. axb5 b6 59. f5 Bxf5 60. Kxd5 Bd7 61. e4 Bxb5 62. e5 Be8 63. e6 b5 64. Kc5 Ke4 65. Kb4 Ke5 66. e7 Ke6 67. Kc5 Kxe7 68. Kb4 Kd6 69. Kb3 Kc5 70. Kc3 Bf7 71. Kb2 Kb4 72. Ka1 Ka3 73. Kb1 b4 74. Ka1 b3 75. Kb1 Bg8 76. Ka1 b2+ 77. Kb1 Bh7# 0-1

[Event "Rheinland Pfalz op Seniors 15th"]
[Site "Neustadt an der Weinstrasse"]
[Date "2017.07.16"]
[Round "2"]
[White "Luebbers, Doris"]
[Black "Leibfried, Peter"]
[Result "1/2-1/2"]
[WhiteElo "1555"]
[BlackElo "1671"]
[PlyCount "67"]
[EventDate "2017.07.15"]
[EventType "swiss"]
[EventRounds "9"]
[EventCountry "GER"]
[SourceTitle "EXT 2018"]
[Source "ChessBase"]
[SourceDate "2017.10.13"]
[SourceVersion "1"]
[SourceVersionDate "2017.10.13"]
[SourceQuality "1"]

1. d4 d5 2. Nf3 Nf6 3. e3 e6 4. Bd3 Nbd7 5. b3 c5 6. Bb2 Bd6 7. Nbd2 0-0 8. 0-0 cxd4 9. exd4 b6 10. c4 Bb7 11. Rc1 Rc8 12. cxd5 Nxd5 13. Rxc8 Qxc8 14. Qc1 N7f6 15. Qxc8 Rxc8 16. Rc1 Rxc1+ 17. Bxc1 Nf4 18. Bf1 Kf8 19. Ne5 N4d5 20. Ndc4 Bb4 21. Bb2 b5 22. Ne3 a6 23. Nxd5 Bxd5 24. Nd3 Bd6 25. Ne5 Ke7 26. g3 Ne4 27. Bg2 Bc7 28. Ng4 Bb7 29. Ne5 f6 30. Ng4 Bb6 31. Ne3 g5 32. Nf1 Nd6 33. Bxb7 Nxb7 34. Ne3 1/2-1/2

[Event "Hessen-ch Seniors op 12th"]
[Site "Bad Sooden-Allendorf"]
[Date "2016.05.04"]
[Round "5"]
[White "Luebbers, Doris"]
[Black "Ninic, Milutin"]
[Result "1-0"]
[WhiteElo "1535"]
[BlackElo "1907"]
[PlyCount "99"]
[EventDate "2016.04.30"]
[EventType "swiss"]
[EventRounds "9"]
[EventCountry "GER"]
[SourceTitle "EXT 2019"]
[Source "ChessBase"]
[SourceDate "2018.10.10"]
[SourceVersion "1"]
[SourceVersionDate "2018.10.10"]
[SourceQuality "1"]

1. d4 d5 2. Nf3 c6 3. e3 Nf6 4. b3 g6 5. Bb2 Bg7 6. Bd3 Bg4 7. 0-0 Nbd7 8. Nbd2 0-0 9. Re1 Re8 10. Qc1 Qc7 11. Ne5 Nxe5 12. dxe5 Nd7 13. f4 f6 14. exf6 exf6 15. Nf1 Nc5 16. Qd2 Rad8 17. Qf2 Re7 18. Ba3 Qa5 19. Bxc5 Qxc5 20. c4 Be6 21. Rac1 Qb6 22. cxd5 Bxd5 23. Bc4 Bxc4 24. Rxc4 Red7 25. Rcc1 Bf8 26. Qe2 Qa5 27. Rc2 Bb4 28. Rb1 Kg7 29. h3 Rd3 30. Qf2 Qd5 31. Kh2 Qe4 32. Rbc1 Ba5 33. Re2 Rd1 34. Rxd1 Rxd1 35. Ng3 Qd3 36. Nf1 Qb1 37. Ng3 Bb6 38. Rd2 a5 39. Rxd1 Qxd1 40. Nf1 Qd3 41. Kg3 Bc7 42. Kh2 b5 43. Kg1 a4 44. bxa4 b4 45. Qb2 c5 46. Qb3 Qe2 47. Qd5 c4 48. Qd7+ Kh6 49. Qxc7 c3 50. Qc5 1-0

[Event "Schleswig Holstein-ch Seniors op 9th"]
[Site "Buesum"]
[Date "2015.09.28"]
[Round "1"]
[White "Juergens, Peter1111"]
[Black "Luebbers, Doris"]
[Result "1-0"]
[WhiteElo "1943"]
[BlackElo "1527"]
[PlyCount "93"]
[EventDate "2015.09.28"]
[EventType "swiss"]
[EventRounds "9"]
[EventCountry "GER"]
[SourceTitle "EXT 2018"]
[Source "ChessBase"]
[SourceDate "2017.10.13"]
[SourceVersion "1"]
[SourceVersionDate "2017.10.13"]
[SourceQuality "1"]

1. d4 d5 2. Nf3 Nf6 3. Bf4 e6 4. e3 Bd6 5. Bg3 b6 6. Nbd2 Bb7 7. Bd3 Nc6 8. c3 Ne7 9. Ne5 Ne4 10. 0-0 Nxg3 11. hxg3 0-0 12. g4 f6 13. Nef3 Qe8 14. e4 Ng6 15. exd5 Bxd5 16. Be4 Bxe4 17. Nxe4 Qd7 18. Qb3 c6 19. Rae1 Rfe8 20. g5 fxg5 21. Nexg5 Nf8 22. Re2 Re7 23. Rfe1 Rae8 24. Nh4 Bf4 25. Nh3 Bh6 26. Nf5 Kh8 27. Nxe7 Rxe7 28. Re4 g6 29. Nf4 Bxf4 30. Rxf4 Rf7 31. Rxf7 Qxf7 32. Qc4 Qd7 33. Qe2 Kg7 34. Qe5+ Kg8 35. Qb8 Kg7 36. Re3 h6 37. Qe5+ Kg8 38. Rf3 Qe7 39. c4 Qd7 40. Qf6 Qe8 41. Re3 Qd7 42. Qe5 Qc8 43. Qd6 Kg7 44. Qe7+ Kg8 45. Rf3 Qa8 46. Qf7+ Kh8 47. Qxf8+ 1-0

[Event "Berlin-ch Seniors op 31st"]
[Site "Berlin"]
[Date "2015.02.04"]
[Round "6"]
[White "Luebbers, Doris"]
[Black "Junghaenel, Dieter"]
[Result "0-1"]
[WhiteElo "1298"]
[BlackElo "1467"]
[PlyCount "110"]
[EventDate "2015.01.29"]
[EventType "swiss"]
[EventRounds "9"]
[EventCountry "GER"]
[SourceTitle "EXT 2018"]
[Source "ChessBase"]
[SourceDate "2017.10.13"]
[SourceVersion "1"]
[SourceVersionDate "2017.10.13"]
[SourceQuality "1"]

1. d4 f5 2. g3 d5 3. Bg2 c6 4. Nf3 e6 5. Nbd2 Be7 6. c3 Nf6 7. Ne5 Nbd7 8. Nxd7 Bxd7 9. Nf3 Ne4 10. Ne5 0-0 11. f3 Nd6 12. 0-0 Nf7 13. Bf4 Qc8 14. Nxd7 Qxd7 15. Be5 Nxe5 16. dxe5 Qc7 17. f4 Rab8 18. Qd2 Rbd8 19. e3 Rf7 20. Qe2 Kh8 21. Rfd1 Rg8 22. Kh1 g6 23. Bf3 h5 24. h4 Rd8 25. Rd3 b5 26. a3 Qb6 27. b4 Ra8 28. Ra2 Rc8 29. Rc2 Rh7 30. Kh2 Ra8 31. Ra2 Kg7 32. Kg2 Rhh8 33. Qb2 Kh6 34. Qe2 Rhc8 35. Rc2 Rc7 36. Rdd2 a6 37. Kf2 Rca7 38. Ra2 a5 39. Rdc2 c5 40. Rab2 axb4 41. axb4 cxb4 42. cxb4 Ra4 43. Qd2 Rd8 44. Rb3 d4 45. Rc6 dxe3+ 46. Qxe3 Ra2+ 47. Kf1 Ra1+ 48. Kg2 Ra2+ 49. Kh3 Qxe3 50. Rxe3 Rdd2 51. Be2 Rxe2 52. Rxe2 Rxe2 53. Rb6 Bxb4 54. Rxb5 Be1 55. Rb1 Re3 0-1